000
00280nam a2200133Ia 4500
003
Ost
005
20260225132537.0
008
260225s9999||||xx |||||||||||||| ||und||
040
_c
fsic
041
_a
fre
082
_a
70.43
245
0
_a
L'information locale /
942
_c
كتاب
999
_c
33305
_d
33305